Normal view
MARC view
Entry Personal Name
001 - CONTROL NUMBER
- control field: 53271
003 - CONTROL NUMBER IDENTIFIER
- control field: dpl
005 - DATE AND TIME OF LATEST TRANSACTION
- control field: 20121019142609.0
008 - FIXED-LENGTH DATA ELEMENTS
- fixed length control field: 121019|||a|||||| | ||| d
040 ## - CATALOGING SOURCE
- Original cataloging agency: dpl
- Transcribing agency: dpl
100 ## - HEADING--PERSONAL NAME
- Personal name: Parker,Steve
670 ## - SOURCE DATA FOUND
- Source citation: Work cat.: (dpl)62351: Parker,Steve, 100 Facts Sharks /, 2009
670 ## - SOURCE DATA FOUND
- Source citation: Work cat.: (dpl)62351: Parker,Steve, 100 Facts Sharks /, 2009
